Финансовые измерения корпоративных стратегий. Стейкхолдерский подход: монография

Detalhes bibliográficos
Autor principal: Ивашковская И. В. Ирина Васильевна
Resumo:В монографии предложен новый подход к финансовому обоснованию корпоративных стратегий, соответствующий переходу к инновационной экономике. Разработаны методология и инструменты измерения влияния рассматриваемой стратегии на создание стоимости компании с учетом новой парадигмы анализа фирмы — стоимости для стейкхолдеров. Разработаны новые концептуальные положения о контуре нефинансовых стейкхолдеров в финансовом обосновании стратегий, архитектуре капитала, концепция гармоничной компании. Введены новые финансовые показатели (индексы) на основе экономической прибыли, модифицированной экономической прибыли, индекс устойчивости роста и индекс гармонизации интересов, система матриц оценки устойчивости роста стоимости для стейкхолдеров.Для научных работников, аспирантов, преподавателей, студентов ма­гистерского уровня подготовки по экономическим специальностям.
Idioma:russo
Publicado em: Москва, Инфра-М, 2016
Edição:2-е изд., перераб. и доп.
coleção:Научная мысль
Экономика
Assuntos:
Formato: Livro
KOHA link:https://koha.lib.tpu.ru/cgi-bin/koha/opac-detail.pl?biblionumber=314841

MARC

LEADER 00000nam0a2200000 4500
001 314841
005 20231102002722.0
010 |a 9785160068749 
035 |a (RuTPU)RU\TPU\book\340272 
090 |a 314841 
100 |a 20160219d2016 k y0rusy50 ca 
101 0 |a rus 
102 |a RU 
105 |a a z 001zy 
200 1 |a Финансовые измерения корпоративных стратегий. Стейкхолдерский подход  |e монография  |f И. В. Ивашковская 
205 |a 2-е изд., перераб. и доп. 
210 |a Москва  |c Инфра-М  |d 2016 
215 |a 320 с.  |c ил. 
225 1 |a Научная мысль 
225 1 |a Экономика 
320 |a Библиогр.: с. 246-268. 
330 |a В монографии предложен новый подход к финансовому обоснованию корпоративных стратегий, соответствующий переходу к инновационной экономике. Разработаны методология и инструменты измерения влияния рассматриваемой стратегии на создание стоимости компании с учетом новой парадигмы анализа фирмы — стоимости для стейкхолдеров. Разработаны новые концептуальные положения о контуре нефинансовых стейкхолдеров в финансовом обосновании стратегий, архитектуре капитала, концепция гармоничной компании. Введены новые финансовые показатели (индексы) на основе экономической прибыли, модифицированной экономической прибыли, индекс устойчивости роста и индекс гармонизации интересов, система матриц оценки устойчивости роста стоимости для стейкхолдеров.Для научных работников, аспирантов, преподавателей, студентов ма­гистерского уровня подготовки по экономическим специальностям. 
606 1 |a Предприятия  |x Финансовый анализ  |2 stltpush  |3 (RuTPU)RU\TPU\subj\36684  |9 57977 
610 1 |a финансы 
610 1 |a финансовые стратегии 
610 1 |a корпоративные стратегии 
610 1 |a финансовые измерения 
610 1 |a стейкхолдеры 
610 1 |a стейкхолдерский подход 
610 1 |a жизненный цикл 
610 1 |a прибыль 
610 1 |a экономическая прибыль 
610 1 |a финансовый анализ 
610 1 |a нефинансовые стейкхолдеры 
610 1 |a стоимость 
610 1 |a гармоничные компании 
610 1 |a устойчивый рост 
610 1 |a оценка 
610 1 |a индексы 
610 1 |a интегрированные модели 
610 1 |a управление 
610 1 |a монографии 
686 |a У9(2)261.9  |v LBC/SL-A  |2 rubbk 
700 1 |a Ивашковская  |b И. В.  |g Ирина Васильевна 
801 1 |a RU  |b 63413507  |c 20160219 
801 2 |a RU  |b 63413507  |c 20160404  |g RCR 
900 |a Финансовый анализ 
900 |a Стратегическое планирование 
942 |c BK 
959 |a 19/20160212  |d 1  |e 479,90  |f ЧЗГЛ:1